MARC

LEADER 00000nam0a2200000 4500
001 315938
005 20231102002827.0
035 |a (RuTPU)RU\TPU\book\341375 
090 |a 315938 
100 |a 20160314d1966 k y0rusy50 ca 
101 0 |a rus 
102 |a RU 
105 |a a z 001zy 
200 1 |a Селекторы импульсов  |f О. Н. Тимахов, В. К. Любченко  |g под общ. ред. В. Н. Любченко 
210 |a Москва  |c Советское радио  |d 1966 
215 |a 271 с.  |c черт. 
320 |a Библиогр.: с. 269 
606 1 |a Селекторы импульсов  |2 stltpush  |3 (RuTPU)RU\TPU\subj\54420  |9 72577 
610 1 |a импульсные сигналы 
610 1 |a амплитудные параметры 
610 1 |a временные параметры 
610 1 |a селекция 
610 1 |a схемы совпадения 
610 1 |a схемы запрета 
610 1 |a смесительные схемы 
610 1 |a укорачивающие цепи 
610 1 |a длительность 
675 |a 621.374.3  |v 4 
700 1 |a Тимахов  |b О. Н.  |g Олег Николаевич 
701 1 |a Любченко  |b В. К.  |g Владимир Константинович 
702 1 |a Любченко  |b В. Н.  |4 340 
801 1 |a RU  |b 63413507  |c 20160314 
801 2 |a RU  |b 63413507  |c 20200917  |g RCR 
942 |c BK